| 000 | 00966nam a2200265 a 4500 | ||
|---|---|---|---|
| 001 | BRL_285 | ||
| 005 | 20190320210653.0 | ||
| 008 | 220713s1994----gt-o######---#000-0#spa-# | ||
| 041 | _aspa | ||
| 044 | _agt | ||
| 050 | 4 |
_aF1476.C48 _b.M39 1994 |
|
| 100 | 1 |
_aMayen, Guisela _923454 |
|
| 245 | 1 | 0 |
_aEstudio Socio-económico de la cerámica de Chinautla _binfluencias de las leyes ´indigenistas´ en Chinautla (algunas consideraciones) _cGuisela Mayen. |
| 260 |
_aGuatemala _bSubcentro Regional de Artesanías y Artes Populares _c1994 |
||
| 300 |
_a52 p. _bil. a color _c21 cm. |
||
| 500 | _aAu2360 | ||
| 504 | _aIncluye referencias bibliográficas | ||
| 650 | 1 | 4 |
_aIndígenas de América Central _zGuatemala _923095 |
| 650 | 1 | 4 |
_aCerámica _zChinautla, Guatemala _923455 |
| 651 | 4 |
_aChinautla, Guatemala _xHistoria _923456 |
|
| 700 | 1 |
_aRodríguez Torselli, Luis Antonio _eil. _923457 |
|
| 700 | 1 |
_aValdés de Corado, Aura _923458 |
|
| 902 | _aGRL | ||
| 942 |
_2lcc _cB |
||
| 999 |
_c9098 _d9098 |
||